<?xml version="1.0" encoding="UTF-8"?>
<marc:record xmlns:marc="http://www.loc.gov/MARC21/slim">
   <marc:leader>00000nam a2200000 a 4500</marc:leader>
   <marc:datafield ind1="1" ind2=" " tag="100">
      <marc:subfield code="a">Carson, Rae</marc:subfield>
      <marc:subfield code="4">aut</marc:subfield>
      <marc:subfield code="e">Verfasser/-in</marc:subfield>
   </marc:datafield>
   <marc:datafield ind1="0" ind2="0" tag="245">
      <marc:subfield code="a">Die Feuerkrone</marc:subfield>
   </marc:datafield>
   <marc:datafield ind1=" " ind2="1" tag="264">
      <marc:subfield code="b">Wilhelm Heyne</marc:subfield>
      <marc:subfield code="c">2014</marc:subfield>
   </marc:datafield>
   <marc:datafield ind1="1" ind2=" " tag="490">
      <marc:subfield code="a">Prinzessin Elisa</marc:subfield>
   </marc:datafield>
   <marc:datafield ind1="1" ind2=" " tag="520">
      <marc:subfield code="a">Eine Heldin wie Prinzessin Elisa gibt es nur alle hundert Jahre!
Elisa ist die Trägerin des Feuersteins und dazu auserwählt, Heldentaten zu vollbringen. Und sie hat ihre Aufgabe erfüllt – zumindest glaubt sie das. Doch im Verborgenen rüsten sich ihre Feinde zum Gegenangriff, und sie sind gefährlicher als je zuvor. Als Elisa begreift, dass ihr Abenteuer noch nicht vorüber ist, ist es fast schon zu spät…</marc:subfield>
   </marc:datafield>
   <marc:datafield ind1=" " ind2=" " tag="020">
      <marc:subfield code="a">9783453268586</marc:subfield>
      <marc:subfield code="9">9783453268586</marc:subfield>
   </marc:datafield>
</marc:record>
